Where did these foods originate from? #1 - Statistics

General Stats
  • This quiz has been taken 49 times
  • The average score is 13 of 16
Answer Stats
Food Country % Correct
Crepes France
100%
Hot dog Austria / Germany
98%
Taco Mexico
98%
Beef Wellington UK
98%
Chicken Teriyaki Japan
93%
Potato chips USA
93%
Biryani India / Pakistan
87%
Pho Vietnam
87%
Moules-Frites Belgium
83%
Goulash Hungary
76%
Croissant Austria
72%
Stroopwafel Netherlands
72%
Bibimbap Korea
70%
Macarons Italy
61%
Couscous Morocco / Algeria
59%
Egusi soup Nigeria
33%
No matching quizzes found
Score Distribution
Percent of People with Each Score
Percentile by Number Answered
Your Score History
You have not taken this quiz